Chartres

-д хадгалсан:
Номзүйн дэлгэрэнгүй
Үндсэн зохиолч: Maunoury, Jean (autor)
Формат: Ном
Хэл сонгох:франц
Хэвлэсэн: París Caisse National des Monuments Historiques 1950
Нөхцлүүд:
Шошгууд: Шошго нэмэх
Шошго байхгүй, Энэхүү баримтыг шошголох эхний хүн болох!

MARC

LEADER 00000nam a2200000 a 4500
001 UCT3631
003 CL-VaPUC
008 961024e19500000FR |||||||||||||||||fre|d
082 0 4 |a 726.6  |b MAU  |2 21 
100 |a Maunoury, Jean  |e autor  |9 372558 
245 1 0 |a Chartres 
300 |a 94 p 
942 |c BK 
945 |d 19961024 00:00:00  |a rleighto 
260 |a París  |b Caisse National des Monuments Historiques  |c 1950 
650 0 |a Arquitectura francesa   |9 345070 
650 7 |a CASTILLOS  |2 CL-VaPUC  |9 372559 
650 0 |a Monumentos históricos  |9 308710 
651 0 |a Francia  |9 255157 
583 |a last modification  |c 19961024 00:00:00  |k Rodrigo Vera 
999 |c 253202  |d 253200 
952 |0 0  |1 0  |4 0  |6 726_600000000000000_MAU_1950  |7 0  |8 A  |9 273858  |a BIBARQ  |b BIBARQ  |d 2019-11-19  |i 3245195  |o 726.6 MAU 1950  |p 3245195  |r 2025-01-20  |w 2019-11-19  |y BK  |k ARQ